| 000 | 00596nam a2200241 a 4500 | ||
|---|---|---|---|
| 003 | AR-BaBNM | ||
| 005 | 20251128204602.0 | ||
| 008 | 082120s2002 ||||||||||||||000 | spa|| | ||
| 020 | _a987-99886-0-4 | ||
| 040 | _cAR-BaBNM | ||
| 100 | 1 | _aCamerucci, Agustín L. | |
| 245 | 0 | 0 |
_aRecuerdos... _bla niñez, la adolescencia y el hombre |
| 260 |
_aBuenos Aires _bCammart _c1994 |
||
| 300 |
_a153 p. _bil. |
||
| 650 | 4 | _aBIOGRAFIAS | |
| 650 | 4 | _aINMIGRANTES | |
| 650 | 4 | _aVIDA COTIDIANA | |
| 651 | 4 | _aItalia | |
| 651 | 4 | _aArgentina | |
| 655 | _aBIOGRAFIAS | ||
| 942 | _cBK | ||
| 998 | _cEnrique | ||
| 999 |
_c8028 _d8028 |
||